Error analysis: (Record no. 12696)

MARC details
000 -LEADER
fixed length control field 01049nam a22003137a 4500
003 - CONTROL NUMBER IDENTIFIER
control field EG-ScBUE
005 - DATE AND TIME OF LATEST TRANSACTION
control field 20220419125810.0
008 - FIXED-LENGTH DATA ELEMENTS--GENERAL INFORMATION
fixed length control field 090825s1994 enk f 000 0 eng d
020 ## - INTERNATIONAL STANDARD BOOK NUMBER
International Standard Book Number 0582550440
020 ## - INTERNATIONAL STANDARD BOOK NUMBER
International Standard Book Number 9780582550445
040 ## - CATALOGING SOURCE
Original cataloging agency EG-ScBUE
Language of cataloging eng
Description conventions rda
Transcribing agency EG-ScBUE
Modifying agency EG-ScBUE
082 04 - DEWEY DECIMAL CLASSIFICATION NUMBER
Edition number 22
Classification number 401.9
Item number ERR
245 ## - TITLE STATEMENT
Title Error analysis:
Remainder of title perspectives on second language acquisition /
Statement of responsibility, etc Edited by Jack C. Richards.
250 ## - EDITION STATEMENT
Edition statement Thirteenth impression.
264 #1 - PUBLICATION, DISTRIBUTION, ETC. (IMPRINT)
Place of publication, distribution, etc London ;
-- New York :
Name of publisher, distributor, etc Longman,
Date of publication, distribution, etc 1994.
300 ## - PHYSICAL DESCRIPTION
Extent xi, 228 pages ;
Dimensions 19 cm.
336 ## - CONTENT TYPE
Source rdacontent
Content type term text
Content type code txt
337 ## - MEDIA TYPE
Source rdamedia
Media type term unmediated
Media type code n
338 ## - CARRIER TYPE
Source rdacarrier
Carrier type term volume
Carrier type code nc
490 0# - SERIES STATEMENT
Series statement Applied linguistics and language study
650 #7 - SUBJECT ADDED ENTRY--TOPICAL TERM
9 (RLIN) 5953
Topical term or geographic name as entry element Language and languages
General subdivision Study and teaching.
Source of heading or term BUEsh
650 #7 - SUBJECT ADDED ENTRY--TOPICAL TERM
9 (RLIN) 8626
Topical term or geographic name as entry element Psycholinguistics.
Source of heading or term BUEsh
650 #7 - SUBJECT ADDED ENTRY--TOPICAL TERM
9 (RLIN) 8627
Topical term or geographic name as entry element Linguistics.
Source of heading or term BUEsh
651 ## - SUBJECT ADDED ENTRY--GEOGRAPHIC NAME
Source of heading or term BUEsh
653 ## - INDEX TERM--UNCONTROLLED
Resource For college Humanities: English
Arrived date list April2022
655 ## - INDEX TERM--GENRE/FORM
Form subdivision Reading book
9 (RLIN) 34232
700 1# - ADDED ENTRY--PERSONAL NAME
Personal name Richards, Jack C.,‏
Dates associated with a name 1943-
Relator term editor.
942 ## - ADDED ENTRY ELEMENTS (KOHA)
Source of classification or shelving scheme Dewey Decimal Classification
Koha item type Book - Borrowing
Holdings
Withdrawn status Lost status Source of classification or shelving scheme Damaged status Not for loan Collection code Home library Current library Shelving location Date acquired Source of acquisition Cost, normal purchase price Serial Enumeration / chronology Total Checkouts Full call number Barcode Date last seen Date checked out Price effective from Koha item type
    Dewey Decimal Classification     Alahram Central Library Central Library Second Floor 26/08/2009   114.40 72 1 401.9 ERR 000018160 15/07/2025 21/09/2015 26/08/2009 Book - Borrowing